000
00287nam a22001337a 4500
008
170810b xxu||||| |||| 00| 0 eng d
020
_a
9780071795708
041
_a
eng
080
_a
004
100
_a
35
101
_a
SHKI
245
_a
NETWORK SECURITY
_c
MAIWAID, E
942
_2
udc
_c
BK
999
_c
23143
_d
23143